International relations. (Record no. 2228)

MARC details
000 -LEADER
fixed length control field 00542cam a2200217ua 4500
001 - CONTROL NUMBER
control field 2373
005 - DATE AND TIME OF LATEST TRANSACTION
control field 20260515113459.0
008 - FIXED-LENGTH DATA ELEMENTS--GENERAL INFORMATION
fixed length control field 110806n ii |||gr||||Z||||||eng
020 ## - INTERNATIONAL STANDARD BOOK NUMBER
International Standard Book Number 81-7729-035-5
040 ## - CATALOGING SOURCE
Transcribing agency MAIN
082 ## - DEWEY DECIMAL CLASSIFICATION NUMBER
Classification number 327
100 ## - MAIN ENTRY--PERSONAL NAME
Personal name Chanderr, Prakash.,
245 ## - TITLE STATEMENT
Title International relations.
Statement of responsibility, etc. By Prakash Chander.
250 ## - EDITION STATEMENT
Edition statement 19th.
260 ## - PUBLICATION, DISTRIBUTION, ETC.
Place of publication, distribution, etc. New Delhi:
Name of publisher, distributor, etc. Cosmos.,
Date of publication, distribution, etc. 2000.
300 ## - PHYSICAL DESCRIPTION
Extent 770 p.:
Dimensions 23 cm.
653 ## - INDEX TERM--UNCONTROLLED
Uncontrolled term Political science.
653 ## - INDEX TERM--UNCONTROLLED
Uncontrolled term International relations.
700 ## - ADDED ENTRY--PERSONAL NAME
Personal name Arora, Prem.,
942 ## - ADDED ENTRY ELEMENTS (KOHA)
Koha item type Books
Holdings
Withdrawn status Lost status Damaged status Not for loan Home library Current library Shelving location Date acquired Total checkouts Full call number Barcode Date last seen Copy number Price effective from Koha item type
        Naharkatiya College Library Naharkatiya College Library General stacks 09/19/2020   327 | CHA 332 09/19/2020 1 09/19/2020 Books